000 00591nam a2200193 i 4500
001 51757
003 ES-MaACL
005 20240510063042.0
007 t|
008 030818s1899 it ||||1| ita d
100 1 _aD'Annunzio, Gabriele,
_d1863-1938
_942351
245 1 0 _aPoesie di Gabriele D'Annunzio
_b: Poema paradisiaco ; Odi navali : (1891-1893) /
_cGabriele D'Annunzio.
260 _aMilano :
_bFratelli Treves,
_c1899.
300 _a226 p. ;
_c15 cm.
740 0 _aPoema paradisiaco.
740 0 _aOdi navali.
852 _aES-MaACL
_jF-10150
999 _c51757
_d51757